Score 0/17 Timer 05:00
3 Plays Today
% Correct
Donald Trump
91.1%
Hillary Clinton
89.4%
Marco Rubio
87.5%
Ben Carson
82.5%
Ted Cruz
71.4%
Chris Christie
57.4%
Carly Fiorina
57.1%
Bernie Sanders
56.9%
Bobby Jindal
53.1%
% Correct
John Kasich
44.3%
Jeb Bush
43.9%
Rand Paul
41.1%
Lindsey Graham
27.6%
Mike Huckabee
26%
Rick Santorum
24.8%
Martin O'Malley
24.2%
Scott Walker
23.8%
Remove Ads.
Support Sporcle.
Get the best of Sporcle when you Go Orange. This ad-free experience offers more features, more stats, and more fun while also helping to support Sporcle. Thank you for becoming a member.

You're not logged in!

Compare scores with friends on all Sporcle quizzes.
OR
Log In

Show Comments

Extras

Top Quizzes Today


Score Distribution

Your Account Isn't Verified!

In order to create a playlist on Sporcle, you need to verify the email address you used during registration. Go to your Sporcle Settings to finish the process.

Report this User

Report this user for behavior that violates our Community Guidelines.

Details: